000 01379nam a22002537a 4500
999 _c62953
_d62953
003 Ge_BSU
005 20250403113745.0
008 250403s2020 ge ||||| |||| 00| 0 geo d
020 _a9789941964893
041 _ageo
080 _a355 : 341 ფ-66
100 _aფიფია, საბა
_924734
245 _aსამხედრო ოკუპაციის საერთაშორისო სამართალი =The International Law of Belligerent Occupation /
_cსაბა ფიფია; რედ. ქეთევან ხუციშვილი.
264 _aთბილისი :
_bიურისტების სამყარო,
_c2020.
300 _a336 გვ. ;
_b21 სმ.
490 _aლევან ალექსიძის საერთაშორისო სამართლის პუბლიკაციათა სერია
501 _aსტატიები, პუბლიკაციები გვ. 305-335
504 _aბიბლიოგრ. გვ. 285-304
520 _aრეზიუმე ინგლ. ენაზე. გვ. 14-27
653 _aსამხედრო ოკუპაცია
653 _aსამართალი
700 _aხუციშვილი, ქეთევან
_eრედაქტორი
_95752
942 _2udc
_cᲬᲘᲒᲜᲘ